| 000 | 01792nam a2200229Ia 4500 | ||
|---|---|---|---|
| 003 | Ost | ||
| 005 | 20260416102355.0 | ||
| 008 | 260416s9999||||xx |||||||||||||| ||und|| | ||
| 040 | _cfsecg | ||
| 041 | _aara | ||
| 082 | _a336.2 | ||
| 100 |
_aلجناف، عبد الرزاق _eمؤلف |
||
| 245 | 0 |
_a جباية المؤسسة / _c عبد الرزاق لجناف |
|
| 260 |
_aالجزائر _bجامعة الجزائر3: كلية العلوم الإقتصادية، العلوم التجارية وعلوم التسيير _c2020 |
||
| 300 | _a138 ورقة | ||
| 504 | _aمراجع ص.131 | ||
| 520 | _aأساسيات نظرية الضريبة و القانون الجنائي ، قانون الضرائب المباشرة و الرسوم المماثلة ، قانون الضرائب غير المباشرة و الرسم على القيمة المضافة ( الرسم على رقم الاعمال ) ، قانون التسجيل و الطابع و قانون الجمارك ، مكونات الجباية المحلية و الجباية البترولية ، إجراءات المنازعات الجبائية و إجراءات الرقابة الجبائية و إجراءات التحصيل الجبائي و إجراءات التحديد الجزافي للأسس الخاضعة للضريبة و كذا أحكام متعلقة بتسيير المؤسسات الكبرى ، الانظمة الجبائية المعتمدة في النظام الضريبي الجزائري ، هيكل الجباية البيئية في الجزائر . | ||
| 653 | _aالجباية | ||
| 653 | _aالضرائب | ||
| 710 |
_aجامعة الجزائر3: كلية العلوم الإقتصادية، العلوم التجارية وعلوم التسيير _eناشر علمي |
||
| 942 | _cHANDOUT | ||
| 999 |
_c41182 _d41182 |
||